000 00616nam a2200217 a 4500
005 20210219153255.0
008 991125n 000 0 spa u
035 _aUPN01000087834
100 _aSILVESTRE ORAMAS, Margarita
222 _aEDUCACION
245 _aUna metodología para la enseñanza y un modelo guía para el aprendizaje
260 _aCuba
300 _a47-56
362 _a1992 Año 22, no. 81, ene.-jun.
653 0 _aAPRENDIZAJE
653 0 _aPRACTICA DOCENTE
653 0 _aPROCESO ENSEÑANZA-APRENDIZAJE
653 0 _aPSICOLOGIA EDUCATIVA
904 _aAC
_b025645
905 _aArticulo
999 _c72748
_d72748